Regions of New Zealand by First Two Letters - Statistics

General Stats
  • This quiz has been taken 10 times
  • The average score is 10 of 16
Answers on the Map
Answers color-coded by a green-red scale on the quiz's map according to % correct below.
 
Answer Stats
Population Region % Correct
1,570,500 Auckland
88%
160,100 Hawke's Bay
88%
234,500 Manawatu-Wanganui
88%
496,900 Wellington
88%
32,700 West Coast
88%
287,100 Bay of Plenty
63%
586,500 Canterbury
63%
45,300 Marlborough
63%
168,300 Northland
63%
97,300 Southland
63%
115,800 Taranaki
63%
49,500 Tasman
63%
49,900 Nelson
50%
47,400 Gisborne
38%
439,200 Waikato
38%
215,100 Otago
25%
No matching quizzes found
Score Distribution
Percent of People with Each Score
Percentile by Number Answered
Your Score History
You have not taken this quiz